| 000 | 00000nam##2200000za#4500 |
| 001 | 9.529340 |
| 003 | CaOODSP |
| 005 | 20241127112811 |
| 007 | ta |
| 008 | 150406|1997||||xxc||||| f|0| 0 eng|d |
| 040 | |aCaOODSP|beng |
| 041 | |aeng |
| 041 | |afre |
| 043 | |an-cn--- |
| 086 | 1 |aEn56-119/5-1997-1 |
| 110 | 1 |aCanada. |bAtmospheric Environment Service. |
| 245 | 10|aCanadian arctic summary |
| 260 | |aOttawa - Ontario : |bEnvironment Canada. |c1997. |
| 300 | |a26p. : |bfigs. ; |c28 cm. |
| 490 | 1 |aCanada country study |
| 500 | |a"The effects of climate change will vary substantially from one part of the Arctic to another. These effects are documented in detail in Environment Canada's 1997 report, Responding to global climate change in Canada's Arctic, volume II of the Canada Country Study. This document is a summary of those findings."--Page 2. |
| 520 | 3 |aThe effects of climate change will vary substantially from one part of the Arctic to another. These effects are documented in detail in Environment Canada's 1997 report, Responding to global climate change in Canada's Arctic, volume II of the Canada Country Study. This document is a summary of those findings.--Page 2 |
| 546 | |aBilingual |
| 590 | |a98-20|b1998-05-15 |
| 690 | 07|aClimate|2gcpds |
| 776 | 0#|tSommaire de l'Arctique canadien|w(CaOODSP)9.588144 |
| 792 | |tSommaire de l'Arctique canadien|efre|w(CaOODSP)9.529341 |
| 830 | #0|aCanada country study.|w(CaOODSP)9.509290 |
| 020 | |a0-662-63210-9|z0-662-25930-0 |